Statistics for Countries Starting with S in 90 Seconds

Click here to take the quiz!

General Stats

  • This quiz has been taken 68 times
  • The average score is 18 of 26

Answer Stats

country% Correct
Sweden
92%
South Korea
90%
South Sudan
90%
Switzerland
90%
Sudan
89%
Suriname
81%
Slovakia
79%
Slovenia
79%
Somalia
79%
South Africa
79%
Saint Kitts
and Nevis
71%
Spain
71%
Senegal
68%
Saint Lucia
67%
Saint Vincent and
the Grenadines
65%
Samoa
65%
Serbia
65%
San Marino
63%
Seychelles
63%
Singapore
63%
São Tomé
and Príncipe
57%
Solomon Islands
57%
Syria
57%
Sri Lanka
56%
Sierra Leone
51%
Saudi Arabia
46%

Score Distribution

Percentile by Number Answered

Percent of People with Each Score

Your Score History

You have not taken this quiz